000 00574nam#a22002295a#4500
001 2838
008 211005s2021####ag############000#0#und#d
245 1 0 _aLos Reinos de Poesía /
_cRosana Guardalá.
250 _a2ªed. esp.
260 _aRosario :
_bCasagrande,
_c2021.
300 _a108 p. ;
_c19 x 13 cm.
020 _a9789874978240
100 1 _aGuardalá, Rosana.
080 _a82-1
084 _aL85
653 _aPoesía Argentina
653 _aAntología Poética
040 _aAR-ClEAG
_cAR-ClEAG
005 20241107184803.0
003 AR-ClEAG
942 _cBK
999 _c2838
_d2838
980 _62
_aEvangelina Gallicchio
_82
_gEvangelina Gallicchio